Kewirauna Regions (Map) - Statistics

General Stats
  • This quiz has been taken 19 times
  • The average score is 15 of 18
Answers on the Map
Answers color-coded by a green-red scale on the quiz's map according to % correct below.
 
Answer Stats
Answer % Correct
Kewirauna West
100%
Kewirauna West
100%
Kewirauna East
88%
Kewirauna East
88%
Kewirauna Middle
88%
Kewirauna Middle
88%
Kewirauna Middle
88%
Kewirauna Middle
88%
Kewirauna Middle
88%
Kewirauna Middle
88%
Kewirauna Middle
88%
Kewirauna North
88%
Kewirauna South
88%
Kewirauna South
88%
Kewirauna South
88%
Wahilengla
63%
Neranertini
50%
Burelianlit
38%
No matching quizzes found
Score Distribution
Percent of People with Each Score
Percentile by Number Answered
Your Score History
You have not taken this quiz